| 000 | 00624nam a2200205 u 4500 | ||
|---|---|---|---|
| 001 | 000702042 | ||
| 003 | AM-YeHGA | ||
| 005 | 20250618073654.0 | ||
| 008 | 990225s1951 ai |||||||||||arm d | ||
| 040 | _aAM-YeHGA | ||
| 041 | 1 | _aarm | |
| 100 | 1 |
_aՏուրգենև, Իվան Սերգեևիչ _95323 |
|
| 245 | 1 | 0 |
_aԸնտիր երկեր / _cԻ. Ս. Տուրգենև. |
| 260 |
_aԵրևան : _bՀայպետհրատ, _c1951. |
||
| 300 | _aհ. | ||
| 505 | 1 | 0 |
_gՀ. 2 (1948, 472 էջ) _gՀ. 5 (1951, 416 էջ) |
| 650 | 1 | 4 |
_aՌուս գրականություն _xԸնտիր երկեր |
| 942 |
_2udc _cBK |
||
| 090 | _c261240 | ||
| 999 |
_c259630 _d259630 |
||